Statistics for Wolfsburg Goalkeeper By Year

Click here to take the quiz!

General Stats

  • This quiz has been taken 87 times
    (45 since last reset)
  • The average score is 15 of 26

Answer Stats

SeasonGoalkeeper% Correct
2009-10Diego Benaglio
84%
2012-13Diego Benaglio
84%
2007-08Diego Benaglio
84%
2008-09Diego Benaglio
84%
2010-11Diego Benaglio
84%
2011-12Diego Benaglio
84%
2015-16Diego Benaglio
84%
2014-15Diego Benaglio
84%
2013-14Diego Benaglio
84%
2021-22Koen Casteels
84%
2022-23Koen Casteels
84%
2016-17Koen Casteels
84%
2017-18Koen Casteels
84%
2018-19Koen Casteels
84%
2019-20Koen Casteels
84%
2020-21Koen Casteels
84%
2006-07Simon Jentzsch
21%
2005-06Simon Jentzsch
21%
2004-05Simon Jentzsch
21%
2003-04Simon Jentzsch
21%
2002-03Claus Reitmaier
18%
2001-02Claus Reitmaier
18%
2000-01Claus Reitmaier
18%
1999-00Claus Reitmaier
18%
1998-99Claus Reitmaier
18%
1997-98Uwe Zimmermann
8%

Score Distribution

Percentile by Number Answered

Percent of People with Each Score

Your Score History

You have not taken this quiz since the last reset